Назовем поименно. Т. 7, [2] с.: Ш-Я (Запись № 1451106)

Подробности
000 -МАРКЕР
контрольное поле 01048nam2a2200277 4500
001 - ИДЕНТИФИКАТОР ЗАПИСИ
контрольное поле RU\NLR\bibl\1748756
005 - ИДЕНТИФИКАТОР ВЕРСИИ
контрольное поле 20250616115727.0
021 ## - НОМЕР ГОСУДАРСТВЕННОЙ РЕГИСТРАЦИИ
Код страны Российская Федерация
Номер 2011-15197
Номер Листа государственной регистраци 1079
021 ## - НОМЕР ГОСУДАРСТВЕННОЙ РЕГИСТРАЦИИ
Код страны Российская Федерация
Номер 2011-18265
Номер Листа государственной регистраци 1293
035 ## - ДРУГИЕ СИСТЕМНЫЕ НОМЕРА
Идентификатор записи (NLR Aleph) 001739628
100 ## - ДАННЫЕ ОБЩЕЙ ОБРАБОТКИ
Данные общей обработки 20110321d2010 |||y0rusy50 ca
101 0# - ЯЗЫК РЕСУРСА
Язык текста, звукозаписи и т.д. русский
102 ## - СТРАНА ПУБЛИКАЦИИ ИЛИ ПРОИЗВОДСТВА
Страна публикации Российская Федерация
105 ## - ПОЛЕ КОДИРОВАННЫХ ДАННЫХ: ТЕКСТОВЫЕ МАТЕРИАЛЫ, МОНОГРАФИЧЕСКИЕ
Кодированные данные о монографическом текстовом документе y |||||||||
200 1# - ЗАГЛАВИЕ И СВЕДЕНИЯ ОБ ОТВЕТСТВЕННОСТИ
Основное заглавие Ш-Я
Наименование части А-Т (дополнительно)
Первые сведения об ответственности [С.Н. Баймухамедова и др.]
210 ## - ПУБЛИКАЦИЯ, РАСПРОСТРАНЕНИЕ И ДР.
Дата издания, распространения и т.д. 2010
Место издания, распространения и т.д. Б. м.
215 ## - ФИЗИЧЕСКАЯ ХАРАКТЕРИСТИКА
Специфическое обозначение материала и объем 196, [1] с.
Другие сведения о физической характеристике ил., цв. ил.
461 #0 - УРОВЕНЬ НАБОРА
Встроенное поле 001RU\NLR\bibl\130154
-- 2001#$aНазовем поименно$vТ. 7, [2] с.
Системный номер (АБИС) связанной записи 727472
Место публикации Астрахань
Дата публикации 2000
Первые сведения об ответственности В.И. Вечтомова и др.]
Имя издателя, распространителя и т.д. Волга
Сведения, относящиеся к заглавию Рос. Федерация, Астрах. обл. : [В 5 т.
Заглавие Назовем поименно
Номер тома Т. 7, [2] с.
702 #1 - ИМЯ ЛИЦА - ВТОРИЧНАЯ ОТВЕТСТВЕННОСТЬ
Начальный элемент ввода Баймухамедова
Часть имени, кроме начального элемента ввода С. Н.
Код отношения Составитель
801 #0 - ИСТОЧНИК ЗАПИСИ
Страна Российская Федерация
Организация NLR
Дата составления 20110321
Правила каталогизации RCR
801 #1 - ИСТОЧНИК ЗАПИСИ
Страна Российская Федерация
Организация NLR
Дата составления 20110321
942 ## - ДОПОЛНИТЕЛЬНЫЕ ЭЛЕМЕНТЫ ЗАПИСИ (АБИС)
Тип экземпляра АБИС Книга
980 ## - КОЛЛЕКЦИЯ
Название коллекции Национальная библиография
Экземпляры
Тип экземпляра Дата поступления Источник поступления Библиотека постоянного хранения Библиотека текущего хранения Место хранения Шифр хранения Штрих-код Статус экземпляра
Книга 21.03.2011 Обязательный экземпляр РНБ (Московский) РНБ (Московский) Центральная справочная библиотека С К-4/1019 1-2090465  
Книга 04.04.2011 Обязательный экземпляр РНБ (Московский) РНБ (Московский) Центральная справочная библиотека С К-4/1019 1-2090462